| 000 | 00394nam a22001337a 4500 | ||
|---|---|---|---|
| 082 |
_a510.0212 _bCHA |
||
| 100 |
_aPryde, James _938948 |
||
| 245 | _aChambers's seven-figure mathematical table. | ||
| 260 |
_aGreat Britain at the Villafield Press _bBishopbrigga |
||
| 300 |
_a1xiii 454 p, : _bill, : _c8 Cm |
||
| 526 |
_a0 _b0 _c0 _d510_021200000000000_CHA |
||
| 650 |
_aMCE _9379 |
||
| 942 |
_2ddc _cBK |
||
| 999 |
_c543553 _d543553 |
||